000 01031nam a2200265 a 4500
005 20171111020002.0
008 170612s2015 ck ado||r|||| 00| 0 spa d
020 _a97895885762820
040 _aCO-BoIAVH
_cCO-BoIAVH
041 0 _aspa
044 _ack
082 0 4 _a635
_bR31a
245 0 0 _aRetratos agroecológicos de huertas y jardines de la microcuenca del río Curubital /
_ccontenidos por Stefan Ortíz
250 _aPrimera edición
260 _aBogotá (Colombia) :
_bJardín Botánico José Celestino Mutis,
_c2015.
300 _a187 páginas :
_bilustraciones a color, tablas y fotografías a color ;
_c24 x 17 cm.
490 0 _aEducación y cultura ;
_vno. 3
500 _aIncluye anexos.
504 _aIncluye referencias bibliográficas e índices.
650 2 6 _aHorticultura
_zBogotá (Colombia)
650 2 6 _aJardinería
_zBogotá (Colombia)
650 2 6 _aEtnobotánica
_zBogotá (Colombia)
700 1 _aOrtiz, Stefan
_einvestigador
_econtenidos
942 _2ddc
_cLIBRO
_01
999 _c19611
_d19611